| 000 | 004030000a22001330004500 | ||
|---|---|---|---|
| 090 |
_aAR _b04110 |
||
| 245 | 1 | 0 | _aResource partitioning in six guilds of dung-inhabiting beetles (coleoptera) |
| 041 | 0 | _aInglés | |
| 500 | _a<Literatura de escarabajos coprófagos> | ||
| 700 | 1 |
_aKoskela, Hannu _998017 |
|
| 100 | 1 |
_aHanski, Ilkka _912853 |
|
| 942 | _cARTICULO | ||
| 773 | 1 |
_tAnn. Ent. Fenn _h1 _q1-12 _d1979 _g45 |
|
| 999 |
_c13208 _d13208 |
||